[Event "NED-ch51"]
[Site "Amsterdam"]
[Date "1996.06.18"]
[Round "10"]
[White "Van der Sterren, Paul"]
[Black "Kuijf, Marinus"]
[Result "0-1"]
[WhiteElo "2535"]
[BlackElo "2470"]
[Annotator "Lutz,C"]
[PlyCount "56"]
[EventDate "1996.06.07"]
[EventType "tourn"]
[EventRounds "11"]
[EventCountry "NED"]
[EventCategory "11"]
[SourceTitle "CBM 054"]
[Source "ChessBase"]
[SourceDate "1996.10.01"]
[SourceVersion "1"]
[SourceVersionDate "1996.10.01"]
[SourceQuality "1"]

1. d4 d5 2. c4 c6 3. Nf3 Nf6 4. Nc3 e6 5. e3 Nbd7 6. Qc2 Bd6 7. Be2 O-O 8. O-O
e5 9. cxd5 cxd5 10. Nb5 Bb8 11. dxe5 Nxe5 12. Bd2 Bg4 13. Nbd4 Ne4 14. Bb4 Re8
15. Nxe5 (15. Rad1 Qb6 16. Nxe5 Bxe2 17. Nxe2 Bxe5 18. Bc3 Qc7 19. h3 Qc4 {
1/2-1/2 Karpov,An-Kortschnoj,V/Amsterdam Euwe-mem (02) ;CBM 23 1991}) 15...
Bxe2 16. Qxe2 Bxe5 17. Rfd1 Qb6 {[%csl Rb4] Angesichts des deplazierten Bb4
kann Weiß nicht auf Vorteil hoffen. Jetzt hätte es aber noch schlimmer kommen
können.} 18. Ba3 $2 (18. Qe1 Rac8 $10) (18. Bc3 Nxc3 19. bxc3 $10) 18... Rad8
$2 (18... Bxd4 $1 19. Rxd4 (19. exd4 Nc3) 19... Ng3 $1 20. Qd2 (20. hxg3 Qxd4)
20... Ne2+ $1 21. Qxe2 Qxd4 $19 {Van der Wiel}) 19. Rac1 $2 g6 $2 (19... Bxd4
$1 $19) 20. Qc2 $14 {[%cal Yc1c8,Yd1d4] Nun ist für Weiß wieder alles in
Ordnung. Dank der Kontrolle über die c-Linie und das Feld d4 steht er
vielleicht sogar schon etwas besser.} Qa6 {Verhindert b2-b3 und Ba3-b2.} 21. h3
Kg7 22. Qb3 Qf6 23. Rc2 Rc8 24. Nf3 Bd6 25. Rxd5 (25. Bxd6 Qxd6 26. Rdc1 $14)
25... Bxa3 26. bxa3 Qa1+ 27. Kh2 Rxc2 28. Rd7 $4 (28. Qxc2 Qf1 $132 {Van der
Wiel}) 28... Qxa2 0-1

[Event "London Agency"]
[Site "London"]
[Date "1998.06.18"]
[Round "4"]
[White "McNab, Colin Anderson"]
[Black "McDonald, Neil R"]
[Result "0-1"]
[WhiteElo "2500"]
[BlackElo "2485"]
[Annotator "Lutz,C"]
[PlyCount "80"]
[EventDate "1998.06.15"]
[EventType "tourn"]
[EventRounds "9"]
[EventCountry "ENG"]
[EventCategory "9"]
[SourceTitle "CBM 066"]
[Source "ChessBase"]
[SourceDate "1998.09.30"]
[SourceVersion "1"]
[SourceVersionDate "1998.09.30"]
[SourceQuality "1"]

1. c4 {Tsesarsky} c6 2. Nf3 d5 3. e3 Nf6 4. Nc3 e6 5. Qc2 Nbd7 6. d4 Bd6 7. Bd2
O-O 8. O-O-O b5 $5 {Eine radikale Art, um Gegenspiel zu bekommen. 8...e5 und 8.
..c5 sind statistisch gesehen besser.} 9. cxb5 (9. e4 {Tsesarsky} b4 10. e5
bxc3 11. Bxc3 Be7 12. exf6 Nxf6 13. Ne5 Bb7 14. c5 $14 {Vyzmanavin,A-Kramnik,V/
Moscow PCA 1994/1/2-1/2 (53)}) 9... c5 10. e4 Bb7 11. exd5 (11. e5 cxd4 12.
exd6 dxc3 13. Bxc3 Qb6 $36) (11. dxc5 {Tsesarsky} Bxc5 (11... Nxc5 12. e5 $18)
12. exd5 (12. e5 Ne4 13. Nxe4 dxe4 14. Ng5 Rc8 15. Nxe4 Bd4 16. Bc3 Bxe5 17.
Nd6 $14) 12... Nxd5 13. Ng5 g6 14. Nge4 $14 {1-0 Budt,K-Warbruck,A/NRW-I 1990 
(31)}) 11... Nxd5 (11... exd5 {Tsesarsky} 12. Qf5 (12. Bg5 c4 (12... Qa5 13.
Bd3 $14) 13. Qf5 Bb4 14. Ne5 Bxc3 15. Nxd7 (15. bxc3 Qa5 16. Nxd7 Nxd7 (16...
Qxc3+ 17. Qc2 Qxc2+ (17... Qa3+ 18. Qb2 Qxb2+ 19. Kxb2 Nxd7 $15 {Cifuentes
Parada,R-Antunes,A/Benasque op 1993/1/2-1/2 (84)}) 18. Kxc2 Nxd7 $15) 17. Qxd7
Qxc3+ 18. Kb1 Bc8 19. Qxd5 Qb4+ 20. Ka1 (20. Kc2 Qa4+ 21. Kc1 (21. Kb2 Be6 $17)
21... Qa3+ 22. Kb1 (22. Kd2 Qxa2+ 23. Ke3 Re8+ 24. Kf4 (24. Kf3 Be6 $17) 24...
Qc2 (24... Qxf2+ 25. Qf3 $16) 25. Bh4 (25. Bxc4 Be6 $17) 25... Qxd1 26. Qxf7+
Kxf7 27. Bxc4+ Be6 28. Bxe6+ Kxe6 29. Rxd1 Kd5 $17) 22... Qb4+ $11) 20... Qc3+
$11 (20... Be6 $2 21. Qf3 $16 (21. Qc5 Qc3+ 22. Kb1 Rfc8 $13 {(Vyzhmanavin)-???
} 23. Bd2 $18))) 15... Qxd7 16. Qxd7 Bxb2+ 17. Kxb2 Nxd7 $15 {0-1 Krasenkov,
M-Arkhangelsky,B/Moscow4 1991 (24)}) (12. Bd3 c4 13. Bf5 a6 14. Ng5 (14. Bg5
axb5 15. Bxh7+ Kh8 16. Nxb5 Qb6 17. Nxd6 Qxd6 18. Bf5 Rxa2 19. Qc3 Ne4 20. Bxe4
dxe4 21. Ne5 Nb6 (21... Nxe5 22. dxe5 Ra1+ 23. Kc2 Qd3+ $5 24. Rxd3 cxd3+ 25.
Kd2 Rxh1 26. Qc7 $16) 22. Kb1 $16 {1-0 Tolush,A-Zinn,L/Warsaw 1961 (40)}) 14...
g6 15. Bxd7 Qxd7 16. b6 $132 {Taimanov,M-Kuijpers,F/Wijk aan Zee 1970/1-0 (67)}
) 12... Qc7 (12... g6 $5 13. Qh3 c4 14. Bg5 Qc7 15. Ne5 Nxe5 16. Bxf6 Nd7 17.
Bg5 a6 $132 {Timoshchenko,G-Sveshnikov,E/Moskva (rapid) 1994 (22)}) 13. Bd3 g6
14. Qh3 cxd4 15. Nxd4 Nc5 16. Bh6 (16. Bc2 $16) 16... Rfe8 17. Kb1 Be5 18. Be3
$14 {1-0 Scarella,E-Kanefsck,G/San Luis Clarin-GP 1995/EXT 95 (30)}) 12. Ne4 (
12. Nxd5 Bxd5 13. Ng5 (13. Bc4 Bxf3 14. gxf3 cxd4 $15) 13... g6 14. Bc4 (14.
Ne4 $5 Bxe4 15. Qxe4 $14) 14... Nb6 15. Bxd5 Nxd5 (15... exd5 16. Kb1 Rc8 17.
h4 $11) 16. dxc5 Bxc5 17. Kb1 (17. Ne4 $14 {Tsesarsky}) (17. Qxc5 Rc8 $17)
17... Be7 18. h4 a6 19. Nxh7 $1 $40 {1-0 Avrukh,B-Tyomkin,D/Czerniak mem
Bikurei Haitim 1997/CBM 59/[Fritz5] (26)}) 12... Be7 13. dxc5 (13. Kb1 {
Tsesarsky} Rc8 14. dxc5 Nxc5 15. Nxc5 Rxc5 16. Qb3 Qc7 $44 {0-1
Raicevic-Markotic/Aosta op/SW,50,13 1989 (32)}) 13... Nxc5 14. Nxc5 Bxc5 15.
Ng5 g6 16. Kb1 (16. Ne4 {Tsesarsky} Bd4 (16... Be7 17. Kb1 Rc8 18. Qb3 Qb6 $44
{Popescu,F-Ceteras,M/Tusnad,CREM,VIII.9 1993/0-1 (69)}) 17. Kb1 Rc8 18. Qd3 Nf6
19. f3 Nxe4 20. fxe4 Qf6 21. Bc1 Rfd8 $15 {0-1 Marovic,D-Kupreichik,V/Medina
del Campo 1980 (27)}) 16... Bxf2 17. h4 (17. Bc4 Rc8 18. Qd3 Bh4 19. Nf3 Bf6 (
19... Nb6 {Tsesarsky} 20. Qxd8 $8 Rfxd8 21. Bb3 (21. Nxh4 Rxc4 (21... Nxc4 22.
Bh6 f6 $17) 22. Bc3 Nd5 $17) 21... Be4+ 22. Ka1 Bf6 $17) 20. Qe2 Bg7 21. Bg5
Qd6 22. Rhe1 Qb4 23. Bb3 Rc5 24. Ne5 Qxb5 25. Qxb5 Rxb5 26. Nd7 Rc8 27. Rc1
Nc3+ 28. bxc3 Rxg5 29. g3 Rc7 30. Red1 Rxc3 31. Rxc3 Bxc3 32. a4 Rf5 33. Kc2
Bb4 34. Bc4 a5 35. Kb3 Bc6 36. Nb8 Be4 37. Rd8+ Kg7 38. Nd7 Rf3+ 39. Kb2 Rf2+ {
0-1 Johansson,J-Svensson,B/SWE-ch Goteborg 1990/EXT 90ch}) 17... Rc8 18. Qb3
Ne3 $5 19. Bxe3 Bxe3 20. Bc4 (20. Rxd8 Rc1#) 20... Qb6 21. Nxf7 (21. Nxe6 $1 {
Tsesarsky} fxe6 22. Bxe6+ Kh8 23. Bxc8 Rxc8 24. Qf7 Be4+ 25. Ka1 Bd4 26. Qf4
Re8 27. Rhe1 Be5 28. Qxe4 Bxb2+ 29. Kxb2 Rxe4 30. Rxe4 Qxb5+ $11) 21... Rxc4 (
21... Be4+ {Tsesarsky} 22. Ka1 Kxf7 (22... Rxf7 23. Bxe6 $18) 23. Rhf1+ Ke7 24.
Bxe6 Rxf1 25. Rxf1 Rc1+ 26. Rxc1 Bxc1 $19) 22. Nd6 (22. Qxc4 $2 {Tsesarsky}
Rxf7 23. Qd3 Bxg2 24. Rhe1 Bf2 $19) 22... Re4 (22... Rc7 {Tsesarsky} 23. Qxe6+
Kh8 (23... Kg7 $2 24. Ne8+ Rxe8 25. Qxe8 Bc5 (25... Bxg2 26. Qe5+ Kh6 27. Rhe1
$18) 26. Qe5+ Kg8 27. Rd8+ Bf8 28. Rxf8+ Kxf8 29. Qh8+ $18) 24. Qe5+ Kg8 25.
Qe6+ $11) 23. Rhe1 (23. h5 {Tsesarsky} Bf4 $19) 23... Rf2 {Nach 23...Re5!? hat
Schwarz keine Probleme, z.B.} (23... Re5 $5 24. Nc4 (24. Nxb7 Rxb5 25. Qc2 (25.
Qxe3 {Tsesarsky} Rxb2+ 26. Ka1 Qxe3 27. Rxe3 Rxb7 28. Rxe6 Rf2 29. g3 $11)
25... Bd4 $40) 24... Rxb5 25. Qxe3 Qxe3 26. Nxe3 (26. Nxe3 Rf2 $15)) 24. Nxb7
Rd4 (24... Bd4 {Tsesarsky} 25. Rxe4 Rxb2+ 26. Qxb2 Bxb2 27. Rd8+ (27. Nd6 Qf2
28. Rxe6 Bf6 29. Re8+ Kg7 30. Nc4 Qf5+ $19) 27... Kg7 28. Rd7+ Kh6 29. Nd6 (29.
Kxb2 Qxb5+ $19) 29... Bf6 30. g4 Qg1+ 31. Kc2 Qf2+ 32. Kd3 Bxh4 (32... Qg3+ 33.
Ke2 Qg2+ $11) 33. Nf7+ Kg7 34. Nd6+ Kh6 35. Nf7+ $11) (24... Qxb7 {Tsesarsky}
25. Rxe3 Rxg2 26. Red3 $18) 25. Na5 (25. Rxd4 {Tsesarsky} Qxd4 26. Qxe6+ Kg7
27. Qe7+ Kg8 28. Qd8+ Kg7 29. Qxd4+ Bxd4 $44) 25... Rxd1+ 26. Rxd1 Bd4 27. Nc4
Qc5 28. a4 (28. g4 {Tsesarsky} Qd5 29. h5 $14) 28... Kg7 (28... Rxg2 $15 {
Tsesarsky}) 29. a5 (29. Qd3 $5 e5 30. Rd2) (29. g4 $14 {Tsesarsky}) 29... e5
30. b6 (30. g4 {Tsesarsky} Qd5 31. h5 Qe4+ (31... g5 32. Qb4 Qe4+ 33. Ka2 Qxg4
34. h6+ $1 Kg8 (34... Kxh6 35. Rh1+ Kg7 36. Qe7+ Rf7 37. Rxh7+ Kxh7 38. Qxf7+
Kh8 (38... Kh6 39. Nd6 $18) 39. b6 axb6 40. axb6 $18) 35. Qe7 Rf7 36. Qd8+ Rf8
37. Qd5+ Kh8 38. Qb7 Rg8 39. Qe7 Qf4 40. Nd6 $18) 32. Qd3 Qg2 33. Rd2 Rxd2 34.
Qxd2 Qxg4 35. hxg6 h5 36. b6 axb6 37. axb6 Bxb6 38. Nxb6 Qg1+ 39. Kc2 Qxb6 40.
Qd7+ Kxg6 41. Qe8+ $11) 30... axb6 31. axb6 Rf8 (31... Qc8 {Tsesarsky} 32. b7
Qb8 33. h5 Rxg2 34. h6+ Kxh6 (34... Kh8 35. Qa4 $18) 35. Qh3+ $18) 32. Qa4 (32.
h5 {Tsesarsky} Qd5 33. hxg6 hxg6 34. Qa4 Qxg2 35. Qd7+ Rf7 36. Qe6 $132) 32...
Rf7 33. Rd3 $2 {Weiß überschätzt seine Chancen.} (33. g4 $5 {mit der Idee g5
(um dem schwarzen König Felder zu nehmen) kam in Betracht, z.B.} e4 34. Nd6 $16
e3 $2 35. Qxd4+ Qxd4 36. Rxd4 e2 37. Re4 Rf1+ 38. Ka2 e1=Q 39. Rxe1 Rxe1 40. b7
$18) (33. g4 $14 {Tsesarsky}) 33... e4 34. Rb3 (34. Rd1 {Tsesarsky} e3 35. Qc2
Rf2 (35... Re7 36. Qd3 Bf6 $132) 36. Qd3 Qf5 37. Qxf5 gxf5 38. Re1 f4 (38...
Rxg2 39. b7 Ba7 40. Nxe3 Rf2 41. Rf1 Rxf1+ 42. Nxf1 Kg6 43. Nd2 Kh5 44. Nf3 Bb8
(44... Kg4 45. Ne5+ Kxh4 46. Nc6 $18) 45. Kc2 Kg4 46. Nd4 f4 47. Nc6 f3 48.
Nxb8 f2 49. Nc6 f1=Q 50. Ne5+ Kf4 51. b8=Q $16) 39. b7 Ba7 40. g4 (40. g3 e2 $1
(40... fxg3 41. Nxe3 Bb8 (41... g2 42. Rg1 $18) 42. Rg1 Kg6 43. Nf1 Be5 44.
Nxg3 Rxb2+ 45. Kc1 Rxb7 $11) 41. Ka2 fxg3 42. Ne3 Kh6 $19) (40. Ne5 Bb8 (40...
Rxg2 41. Nc6 f3 42. Nxa7 f2 43. Rc1 Rg1 44. b8=Q Rxc1+ 45. Kxc1 f1=Q+ 46. Kc2
Qc4+ $11) 41. Nc6 Bc7 42. b8=Q Bxb8 43. Nxb8 Rxg2 44. Nd7 f3 45. Rxe3 f2 46.
Rf3 Rg1+ 47. Kc2 f1=Q 48. Rxf1 Rxf1 $17) 40... e2 41. Kc2 f3 42. Nd2 (42. Ne5
$2 Rf1 43. Nxf3 (43. Kd2 f2 44. Rxe2 Rd1+ 45. Kxd1 f1=Q+ $19) 43... Rxf3 44.
Rxe2 Rf7 $17) 42... Bb8 43. b4 (43. Kd3 Bf4 44. Ke4 Bxd2 45. b8=Q Bxe1 46. Qb7+
(46. Qe5+ Kf7 47. Qc7+ Kg8 48. Qd8+ (48. h5 Bb4 49. Qc4+ Kh8 50. Qc8+ $11 (50.
Qxb4 e1=Q+ 51. Qxe1 Re2+ $19)) 48... Kf7 49. Qd7+ Kg8 50. h5 (50. g5 Bb4 $11)
50... Bb4 $11) 46... Kg8 47. Kf5 Rg2 48. Qc8+ Kg7 49. Qd7+ Kg8 50. h5 $18)
43... Bf4 44. b5 (44. Kd3 Kf7 45. Ke4 Bxd2 46. b8=Q Bxe1 47. Kf5 Rg2 48. Qb7+
Kg8 49. Qc8+ (49. Ke6 Rxg4 50. Qxf3 Rg6+ 51. Kd5 Bxb4 52. Qxe2 Bf8 $11) 49...
Kg7 50. Qd7+ Kg8 51. h5 Bxb4 52. Qe6+ Kf8 53. Qc8+ Kg7 54. Qb7+ Kg8 55. Qxb4
$18) 44... Kf7 45. b6 Ke6 46. Nxf3 Rxf3 47. Rxe2+ Kd7 48. Re4 Bb8 49. g5 Kc6
50. Re6+ Kxb7 51. Re7+ Kxb6 52. Rxh7 $11) 34... e3 35. b7 $4 (35. Nxe3 $1 {
Tsesarsky} Bxe3 36. b7 Bf4 37. Qxf4 Rxf4 38. b8=Q Rxh4 $132 39. Qb7+ Kh6 40.
Qf3 $11) 35... e2 36. b8=Q e1=Q+ 37. Ka2 Rf1 $19 {Der schwarze König hat einen
sicheren Platz auf h6, der weiße König nicht - bei vier Damen auf dem Brett
ist das entscheidend.} 38. Rb7+ (38. Ra3 {Tsesarsky} Qb1+ 39. Kb3 Qd3+ 40. Ka2
Qcxc4+ 41. Qxc4 Qxc4+ $19) 38... Kh6 39. Qba8 Qxc4+ 40. Qxc4 Qa1+ (40... Qa1+
41. Kb3 Qxb2+ 42. Ka4 Ra1+ 43. Qa2 Rxa2#) 0-1

[Event "Poikovsky Karpov 07th"]
[Site "Poikovsky"]
[Date "2006.03.18"]
[Round "1"]
[White "Sokolov, Ivan"]
[Black "Najer, Evgeniy"]
[Result "1/2-1/2"]
[WhiteElo "2689"]
[BlackElo "2652"]
[Annotator "Lutz,C"]
[PlyCount "97"]
[EventDate "2006.03.18"]
[EventType "tourn"]
[EventRounds "9"]
[EventCountry "RUS"]
[EventCategory "18"]
[SourceTitle "CBM 112"]
[Source "ChessBase"]
[SourceDate "2006.06.07"]
[SourceVersion "1"]
[SourceVersionDate "2006.06.07"]
[SourceQuality "1"]

1. d4 d5 2. c4 c6 3. Nc3 Nf6 4. e3 a6 5. Nf3 e6 6. b3 Bb4 7. Bd2 O-O 8. Bd3
Nbd7 9. O-O Bd6 10. Qc2 (10. Rc1 {1-0 Malakhov,V-Fressinet,L/Moscow 2006/CBM
112/[Lutz] (83)}) 10... h6 (10... Re8 {1-0 Radjabov,T-Bacrot,E/Morelia/Linares
2006/CBM 112/[Lutz] (55)}) 11. Ne2 $5 {Ein neuer Ansatz. Bislang wurde meist
11.e4 oder 11.Rad1 nebst 12.e4 gespielt. Mit dem Springerzug wird das Feld c3
für den Bd2 geräumt.} (11. e4 dxc4 12. bxc4 e5 13. c5 {Das ist die weiße Idee:
der schwarze Damenflügel soll lahmgelegt werden.} Bc7 14. Na4 exd4 15. h3 $13 {
1/2-1/2 Lautier,J-Tkachiev,V/Saint Vincent 2005/CBM 110/[Lutz] (32)}) (11. Rad1
e5 12. cxd5 cxd5 13. e4 $5 (13. dxe5 Nxe5 14. Nxe5 Bxe5 15. Ne2 Bg4 16. h3 Rc8
17. Qb1 Bd7 18. Rc1 Qe7 19. Rxc8 Rxc8 20. Rc1 $11 {0-1 Flear,G-Godena,M/France
2003/CBM 94 (38)}) 13... dxe4 14. Nxe4 Nxe4 15. Bxe4 exd4 16. Bc1 $5 Nf6 17.
Bb2 Re8 18. Bf5 Qa5 $1 $11 {1/2-1/2 Ftacnik,L-Gurevich,M/Warsaw 2005/CBM 108/
[Gurevich,M] (44)}) 11... c5 $5 {Schwarz findet einen anderen Weg, im Zentrum
aktiv zu werden.} (11... e5 12. cxd5 Nxd5 $5 {verdient Beachtung:} (12... cxd5
13. dxe5 Nxe5 14. Nxe5 Bxe5 15. Bc3 $14 {ist das, was Weiß erreichn will.}) 13.
dxe5 Nxe5 14. Nxe5 Bxe5 15. Rad1 {sieht besser aus für Weiß, da er im Zentrum
aktiv werden kann, z.B.} Qb6 $5 16. Qc4 $5 $14 {mit den Ideen e3-e4 und Qe4.} (
16. e4 Nb4)) 12. cxd5 exd5 13. Ng3 Re8 14. Bc3 (14. dxc5 {würde direkt eine
Isolani-Stellung erreichen. Im Vergleich zu den Stellungen nach ...e6-e5 sind
aber noch alle Figuren auf dem Brett.} Nxc5 15. Bb4 b6 $5 $132 (15... Nxd3 16.
Bxd6 Nxf2 $2 17. Bc7)) 14... b6 15. Rad1 Bb7 16. Qb2 Ne4 $5 {Ohne diesen Zug
kann sich Schwazr nur schwer entwickeln, da ...Qe7 immer mit Ng3-f5
beantwortet wird und ...g7-g6 wegen der Diagonalbatterie Qb2-Bc3 gefährlich
ist.} 17. Bxe4 dxe4 18. Nd2 Qg5 19. Nc4 Bc7 20. d5 $5 {Unter dem Schutz seines
Freibauerns will Weiss sein Figurenspiel aufziehen. Er muss jedoch energisch
spielen, damit, der d-Bauer nicht verloren geht.} (20. dxc5 $6 Nxc5 {gibt dem
schwarzen Springer das Feld d3.}) 20... Rad8 21. d6 Bb8 22. b4 b5 23. h4 {
Konsequent gespielt, Weiß will seinem Druck gegen den Pg7 Geltung verschaffen.}
(23. Na5 Ba8) 23... Qg4 24. Ne5 Nxe5 25. Bxe5 cxb4 26. h5 a5 27. Rd2 Rd7 28.
Rfd1 $44 Ba7 (28... Red8 $5 29. a3 Qe6 30. axb4 axb4 31. Bf4 b3 32. Qa3 $13)
29. Bd4 Bb8 30. Be5 Ba7 31. a3 $6 {Sokolov weicht der Zugwiederholung aus,
räumt Schwarz jedoch dafür drei gefährliche Freibauern am Damenflügel ein.} Qe6
32. Bxg7 bxa3 33. Qa1 Kh7 34. Ne2 b4 $17 35. Nf4 Qf5 36. Nd5 Bxd5 37. Rxd5 Qg4
38. Bd4 Rg8 39. g3 Bxd4 40. Qxd4 Rg5 41. Rxg5 hxg5 42. h6 f6 43. Qd5 Kxh6 44.
Rd4 Kg7 45. Qxa5 Qe6 $2 (45... Rb7 $19 {hätte Weiß in arge Nöte gebracht. Es
droht ...Qd7 nebst Vormarsch der Bauern, und nach} 46. d7 Rxd7 {erwischt Weiß
nur einen der beiden schwarzen Freibauern.}) 46. Qxb4 $11 a2 47. Qa3 Rb7 48. d7
Rxd7 49. Rxd7+ 1/2-1/2

[Event "Moscow Aeroflot op-A"]
[Site "Moscow"]
[Date "2005.02.21"]
[Round "7"]
[White "Akopian, Vladimir Eduardovic"]
[Black "Riazantsev, Alexander"]
[Result "1/2-1/2"]
[WhiteElo "2693"]
[BlackElo "2596"]
[Annotator "Lutz,C"]
[PlyCount "80"]
[EventDate "2005.02.15"]
[EventType "swiss"]
[EventRounds "9"]
[EventCountry "RUS"]
[SourceTitle "CBM 106"]
[Source "ChessBase"]
[SourceDate "2005.06.06"]
[SourceVersion "1"]
[SourceVersionDate "2005.06.06"]
[SourceQuality "1"]

1. c4 c6 2. Nf3 d5 3. e3 Nf6 4. Nc3 e6 5. d4 a6 $5 {Dies ist ein interessanter
Zug, der sogar schon von Kasparov gespielt wurde. Die Idee besteht darin, den
Ball an Weiß zurückzugeben:} 6. b3 {Weiß hält die Stellung flexibel, muss aber
nach dem nächsten schwarzen Zug seinen Läufer etwas komisch stellen.} (6. Bd3
dxc4 7. Bxc4 b5 {würde zum Angenommenen Damengambit führen, wo Weiß sich schon
frühzeitig festgelegt hat.}) (6. Qc2 c5 $5 {und Schwarz hat zwar mit ...
c7-c6-c5 ein Tempo verloren, aber in den entstehenden Isolani-Stellungen steht
die weiße Dame nicht ideal.}) (6. c5 Nbd7 {nebst ...g7-g6, ...Bg7, und Schwarz
strebt ...e6-e5 an.}) 6... Bb4 7. Bd2 (7. Bb2 $2 Ne4 8. Qc2 Qa5 9. Rc1 Qxa2)
7... Nbd7 (7... Bd6 {ist eine andere Idee, um ...c6-c5 nebst ...Nc6 folgen zu
lassen.}) 8. Bd3 O-O 9. O-O Qe7 10. Qc2 (10. h3 Rd8 11. cxd5 cxd5 $2 (11...
exd5 12. Na4 Bd6 13. Ba5 Re8 14. Qc2 Ne4 15. Rac1 Rb8 $11) 12. Na4 Bd6 13. Ba5
Re8 14. Rc1 $14 {1-0 Kasimdzhanov,R-Marcelin,C/Germany 2003/CBM 99/[Lutz] (30)}
) 10... h6 {Einige Runden später im Turnier griff Schwarz zum sofortigen 10...
e5.} (10... e5 {1-0 Ivanchuk,V-Riazantsev,A/Moscow 2005/CBM 106_01/[Lutz] (40)
Lutz}) 11. h3 (11. Rfe1 e5 12. dxe5 Nxe5 13. Nxe5 Qxe5 14. cxd5 cxd5 15. Ne2
Bd6 16. Ng3 Qe7 17. Bc3 Ng4 18. Bh7+ Kh8 19. Bf5 Bxg3 20. hxg3 Qg5 21. Bxg4 $11
{1/2-1/2 Nielsen,P-Agrest,E/Istanbul 2003/CBM 96 (39)}) 11... Re8 12. Rad1 e5
$146 (12... dxc4 13. bxc4 e5 14. Ne4 Nxe4 15. Bxb4 Qxb4 16. Bxe4 exd4 17. exd4
(17. Rxd4 $5 {Gurevich} Nf6 18. c5 Qa5 19. Bd3 Be6 20. Rb1 $36) 17... Nf6 $11 {
1/2-1/2 Akopian,V-Gurevich,M/FRA-chT Belfort 2004} (17... Nf6 {Gurevich} 18.
Bd3 c5 19. Rb1 Qa5 20. d5 Qc7 21. Qb2 Qf4 22. Qd2 Qd6 $132)) 13. dxe5 dxc4 14.
bxc4 (14. exf6 cxd3 $11) (14. Bxc4 Nxe5 15. Nxe5 Qxe5 {mit bequemem Spiel für
Schwarz, da Weiß nicht dazu kommt, seine Mehrheit im Zentrum zu mobilisieren.})
14... Nxe5 15. Nxe5 Qxe5 16. Na4 {Weiß will mit c4-c5 die schwarze Mehrheit am
Damenflügel festlegen, aber Schwarz ist auf der Hut.} Bxd2 17. Rxd2 b5 $1 (
17... Rb8 18. c5 $14) 18. Nb6 Rb8 19. Nxc8 Rbxc8 20. Rc1 Ne4 $11 {Schwarz hat
keine Probleme mehr.} 21. Rdd1 Rcd8 22. cxb5 cxb5 23. Be2 Rxd1+ 24. Bxd1 b4 25.
Qe2 a5 26. Bb3 Nc3 27. Qc4 Re7 28. Qa6 Kh7 29. a3 Ne4 30. Bc2 Qb2 31. Qf1 b3
32. Bxe4+ Rxe4 33. Rb1 Qc2 34. Rc1 Qd2 35. Rd1 Qc3 36. Rc1 Qd2 37. Rd1 Qc2 38.
Rc1 Qd2 39. Rd1 Qc2 40. Rc1 Qd2 1/2-1/2

[Event "Monaco m"]
[Site "Monte Carlo"]
[Date "1996.??.??"]
[Round "2"]
[White "Piket, Jeroen"]
[Black "Dreev, Alexey"]
[Result "1/2-1/2"]
[WhiteElo "2570"]
[BlackElo "2670"]
[Annotator "Lutz,C"]
[PlyCount "98"]
[EventDate "1996.04.??"]
[EventType "match"]
[EventRounds "8"]
[EventCountry "MNC"]
[SourceTitle "CBM 053"]
[Source "ChessBase"]
[SourceDate "1996.08.01"]
[SourceVersion "1"]
[SourceVersionDate "1996.08.01"]
[SourceQuality "1"]

1. d4 d5 2. c4 c6 3. Nf3 Nf6 4. Nc3 e6 5. e3 Nbd7 6. Qc2 Bd6 7. Be2 b6 $5 8.
cxd5 {Wenn Weiß irgendwie die schwarze Zugfolge ausnutzen kann, dann so.} (8.
O-O Bb7 9. Rd1 O-O 10. a3 c5 11. dxc5 bxc5 12. b3 Qe7 13. Bb2 Rac8 14. Rd2 Rfd8
15. Rad1 Bc7 16. cxd5 exd5 17. Qf5 Ba5 18. Nxd5 Nxd5 19. Rxd5 Bxd5 20. Rxd5 Nf8
21. Bc4 Qe6 {1/2-1/2 Epishin,V-Dreev,A/Reggio Emilia9596 (04) ;CBM 51 1996})
8... cxd5 (8... exd5 9. e4 $36) 9. Nb5 Bb4+ (9... Bb8 $2 10. Qc6) 10. Bd2 Bxd2+
11. Nxd2 O-O 12. Rc1 {Offensichtlich ist etwas für Schwarz schiefgelaufen.
Wahrscheinlich wechselte Dreev deshalb in der 6.Matchpartie zu der Zugfolge 6..
.b6 7.Be2 Bb7 8.0-0 Bd6.} Ne8 (12... Ba6 $2 13. Nc7 Bxe2 14. Nxa8 Bc4 15. b3
$18) (12... a6 $5 13. Nd6 b5 {/\ ...Nb6}) 13. Nc7 Nxc7 14. Qxc7 $16 Nb8 15. Nf3
Ba6 16. Qxd8 Rxd8 17. Kd2 $6 (17. g4 $5 Bxe2 (17... Rc8 18. Kd2 $1) 18. Kxe2)
17... Bxe2 18. Kxe2 Na6 19. Rc3 Rdc8 20. Rhc1 Rxc3 21. Rxc3 f6 22. a3 (22. g4
Kf7 23. g5 Ke7 {/\ ...Kd6, ...Nc7}) 22... Rd8 23. Ne1 Kf7 24. Nd3 Ke7 25. h4
Rd7 26. Rc8 Rd8 27. Rc1 Rd7 28. Rc8 Rd8 29. Rc1 Rd7 30. g4 Rc7 31. Rg1 Nb8 32.
g5 Nd7 33. Kd2 Kf7 34. Nf4 Rc8 35. f3 g6 36. Nd3 e5 37. b3 Ke6 38. a4 a5 39. h5
gxh5 40. gxf6 exd4 41. Nf4+ Kf5 42. Nxd5 dxe3+ 43. Kxe3 Re8+ 44. Kf2 Nxf6 45.
Nxb6 Rb8 46. Nc4 Rxb3 47. Nxa5 Rb2+ 48. Kg3 Rb4 49. Rc1 Rxa4 1/2-1/2